| 000 | 01131nam2a22002891 4500 | ||
|---|---|---|---|
| 001 | rc\3609832 | ||
| 005 | 20130115143622.3 | ||
| 035 | _a(NLR Aleph) 007711661 | ||
| 090 |
_a6855742 _c6855742 |
||
| 100 | _a20130115d1973 |||y0rusy50 ca | ||
| 101 | 0 | _arus | |
| 102 | _aRU | ||
| 105 | _ab z ||||| | ||
| 200 | 1 |
_aКрымская область _f[Сост. К.Д. Затон, В.Л. Гурджи _gРед. Г.И. Полтораков] |
|
| 210 | _d1973 | ||
| 215 | _a248 с., 1 отд. л. карт. | ||
| 320 | _aБиблиогр.: с. 234-247 | ||
| 333 | _aДСП. Экз. № 003 | ||
| 461 | 0 |
_1001rc\3609824 _12001#$aМинерально-сырьевая база строительных материалов Украины$e[Справочник]$fМ-во геологии СССР. М-во геологии УССР. Киев. геол. развед. трест$v[9] |
|
| 702 | 1 |
_aГурджи _bВ. Л. _4220 |
|
| 702 | 1 |
_aЗатон _bК. Д. _4220 |
|
| 702 | 1 |
_aПолтораков _bГ. И. _4340 |
|
| 801 | 0 |
_aRU _bNLR _gpsbo |
|
| 801 | 1 |
_aRU _bELAR _2rusmarc |
|
| 852 |
_aNLR _j73-50К/392 |
||
| 942 | _cBOOK | ||
| 980 | _aNB | ||